000 01155nam a22003497a 4500
003 CHAP
005 20220329140647.0
008 971013s1973 r 00010 d
010 _a55564
011 _a56536
035 _a60689
040 _cCHAP
082 _a631.46
_bS5
100 0 0 _aSimons, W. R.
_9106203
245 _aNematode survival in relation to soil moisture
260 _aWageningen :
_bVeenman & Zonen,
_c1973
300 _a85 p.
_b; gráfs.
490 _aMededelingen Landbouwhogeschool
_v; 73-3
590 _aBATCH-UPD
_b10
_c20130110
_lUCH01
_h0521
590 _aBATCH-UPD
_b10
_c20130110
_lUCH01
_h2316
590 _aBATCH-UPD
_b10
_c20130410
_lUCH01
_h0200
590 _aBATCH-UPD
_b10
_c20130914
_lUCH01
_h1837
590 _aCONVERSION
_b10
_c20130109
_lUCH01
_h1330
650 1 4 _aNemátodos.
_980819
650 1 4 _aSuelos
_xFauna.
_9110365
650 1 4 _aSuelos
_xHumedad.
_9110391
830 0 _aMededelingen Landbouwhogeschool
_v; 73-3
_973858
901 _aBK
942 _cLIBRO
949 _a631.46 S5
_bBC
_cLIBRO
_d33724000077111
_eLIBRO
_h41572
_i60689
_si
949 _a631.46 S5
_bBC
_cLIBRO
_d33724000077129
_eLIBRO
_fc.2
_h41573
_i60689
_si
999 _c55564
_d55564